000
00303nam a22001217a 4500
999
_c
12329
_d
12329
020
_a
9780071067874
082
_a
658.406
100
_a
R. Srinivasan
245
_a
Business Process Reengineering
260
_a
2012
_b
Tata Mcgraw Hill Education Private Limited
_c
2011
300
_a
220 pages.
942
_c
BK